| 000 | 01779nam a22002057a 4500 | ||
|---|---|---|---|
| 005 | 20220412093951.0 | ||
| 008 | 220412b ||||| |||| 00| 0 eng d | ||
| 020 | _a0345409515 | ||
| 040 | _cAL | ||
| 041 | _aEnglish | ||
| 082 |
_223 _a617.71 _bCASE |
||
| 100 |
_a Andrew I Caster _929446 |
||
| 245 | _aEye Laser Miracle: The Complete Guide to Better Vision | ||
| 260 |
_aNew York _bBallantine Books _c1997 |
||
| 300 |
_ax,148 p, _bPB _c21x14 cm. |
||
| 520 | _aExcimer laser treatment -- commonly known as PRK and LASIK -- is an unprecedented medical advance in eye care, affording millions of people a safe and simple opportunity to see the world clearly, without the inconvenience and discomfort of scratched or lost contact lenses or the blocked side vision of eyeglasses. Now you can have normal vision all the time, thanks to a pianless procedure that takes less than five minutes. Recently approved by the FDA, excimer laser treatment may become one of the most common medical procedures performed in the United States. Explaining this phenomenal breakthrough in layman's terms, Dr. Andrew I. Caster, one of the leading physicians in the permanent correction of nearsightedness and astigmatism, takes anyone who is considering PRK or LASIK through the entire process -- including the experiences of patients who have undergone the procedure. He describes their emotions, especially the incredible joy of suddenly being able to see again. Filled with thoughtful and illuminating information, as well as diagrams designed to help you easily understand the operation's technical aspects, The Eye Laser Miracle is the guide for anyone who wants better vision. | ||
| 650 |
_aEye Laser Surgery Popular Work _929447 |
||
| 700 |
_aCASTER (Andrew I) _929448 |
||
| 942 |
_2ddc _cGF |
||
| 999 |
_c222379 _d222379 |
||